[Event "Portugal Open 2018"]
[Site "Lisboa POR"]
[Date "2018.02.07"]
[Round "6.29"]
[White "Dahlgren, James Allen"]
[Black "Martín Duque, Jesus"]
[Result "1-0"]
[WhiteElo "1809"]
[BlackElo "2346"]
[WhiteFideId "22256873"]
[BlackFideId "2208954"]
[BlackTitle "FM"]
[WhiteCountry "ESP"]
[BlackCountry "ESP"]
[PlyCount "151"]

1. d4 Nf6 2. Bf4 d5 3. e3 e6 4. Nd2 c5 5. c3 Nc6 6. Ngf3 cxd4 7. exd4 Nh5 8. Bg5
f6 9. Bh4 g6 10. Be2 Bd6 11. O-O O-O 12. Bd3 Bd7 13. Re1 Rc8 14. Ne5 Be8 15. Qg4
Ng7 16. Nxc6 bxc6 17. Bg3 f5 18. Qh3 f4 19. Bh4 Qb6 20. b4 a5 21. a3 Bd7 22. Bg5
Rf7 23. Qh4 Nf5 24. Bxf5 Rxf5 25. Nf3 axb4 26. axb4 Qb8 27. Bf6 Bf8 28. Be5 Qb7
29. Bxf4 Re8 30. Be5 Bc8 31. Ra5 Be7 32. Qh6 Bd8 33. Ra3 Qf7 34. Rea1 g5 35. Ra7
Bd7 36. h3 Rf8 37. Rb7 Bf6 38. Bxf6 Rxf6 39. Qxg5+ Rg6 40. Qe3 Qg7 41. Nh4 Rgf6
42. Raa7 R8f7 43. Rb8+ Rf8 44. Rxf8+ Kxf8 45. Qe5 Rf7 46. Qb8+ Ke7 47. Qc7 Kf6
48. Nf3 Qh6 49. Qe5+ Ke7 50. Qg5+ Qxg5 51. Nxg5 Rf5 52. Nf3 Kd8 53. Ne5 Be8 54.
Rxh7 Rf4 55. f3 Rf5 56. Rh8 Ke7 57. Rh7+ Kd8 58. Ra7 Rf4 59. Kf2 Rf5 60. g3 Rf6
61. h4 Rf8 62. f4 Kc8 63. Rg7 Rh8 64. Nf7 Rf8 65. Nd6+ Kd8 66. Nxe8 Kxe8 67. Rc7
Kd8 68. Rxc6 Kd7 69. Ra6 Rc8 70. Ra3 Kd6 71. g4 Ke7 72. h5 Kf6 73. Kf3 Rh8 74.
b5 Rb8 75. Rb3 Rb6 76. Ke3 1-0

[Event "Portugal Open 2018"]
[Site "Lisboa POR"]
[Date "2018.02.07"]
[Round "6.30"]
[White "Boricsev, Oleg"]
[Black "Silva, Flávio"]
[Result "1-0"]
[WhiteElo "2328"]
[BlackElo "1952"]
[WhiteFideId "720500"]
[BlackFideId "1903691"]
[WhiteTitle "IM"]
[WhiteCountry "HUN"]
[BlackCountry "POR"]
[PlyCount "53"]

1. e4 c5 2. c3 d5 3. exd5 Qxd5 4. d4 Bf5 5. Be3 Nf6 6. c4 Qd8 7. d5 Nbd7 8. Nc3
Ne4 9. Qf3 Nxc3 10. Qxf5 Na4 11. Qc2 Nab6 12. Nf3 Rc8 13. Bd3 g6 14. h4 Bg7 15.
h5 Ne5 16. Nxe5 Bxe5 17. f4 Bf6 18. g4 Rf8 19. O-O-O Qd7 20. hxg6 hxg6 21. g5
Bh8 22. b3 a5 23. Bxg6 Qd6 24. Bxf7+ Rxf7 25. Rxh8+ Kd7 26. Rh6 Qc7 27. Qg6 1-0

[Event "Portugal Open 2018"]
[Site "Lisboa POR"]
[Date "2018.02.07"]
[Round "6.31"]
[White "Nevednichy, Vladislav"]
[Black "Sousa, Ludy"]
[Result "1-0"]
[WhiteElo "2551"]
[BlackElo "2165"]
[WhiteFideId "1205730"]
[BlackFideId "1504134"]
[WhiteTitle "GM"]
[BlackTitle "CM"]
[WhiteCountry "ROU"]
[BlackCountry "NOR"]
[PlyCount "85"]

1. Nf3 Nf6 2. d4 c5 3. d5 b5 4. Bg5 Qb6 5. a4 b4 6. e3 Ne4 7. Bf4 d6 8. Bb5+ Bd7
9. Qd3 Nf6 10. Nbd2 a6 11. Bxd7+ Nbxd7 12. e4 Nh5 13. Bg5 h6 14. Nc4 Qc7 15. Bd2
g6 16. a5 Bg7 17. O-O O-O 18. Rfe1 Rfd8 19. h3 Nhf6 20. Bf4 Qb7 21. Rad1 Rac8
22. g4 Ne8 23. Qe3 Qb5 24. b3 Kh7 25. Kg2 Ne5 26. Nfxe5 dxe5 27. Bxe5 Nd6 28.
Bxg7 Kxg7 29. Ne5 c4 30. Nc6 Rxc6 31. dxc6 Qxc6 32. Qb6 Qxb6 33. axb6 cxb3 34.
cxb3 Rb8 35. e5 Nb5 36. Rd7 Rxb6 37. Rxe7 Nd4 38. Re4 Kf8 39. Ra7 Nxb3 40. Rf4
Kg8 41. Rfxf7 Nc5 42. Rg7+ Kf8 43. Rgc7 1-0

[Event "Portugal Open 2018"]
[Site "Lisboa POR"]
[Date "2018.02.07"]
[Round "6.32"]
[White "Dâmaso, Rui"]
[Black "Kunz, André"]
[Result "1-0"]
[WhiteElo "2445"]
[BlackElo "2153"]
[WhiteFideId "1900030"]
[BlackFideId "24623652"]
[WhiteTitle "IM"]
[WhiteCountry "POR"]
[BlackCountry "GER"]
[PlyCount "89"]

1. e4 c6 2. Nf3 d5 3. Nc3 Bg4 4. h3 Bh5 5. d4 e6 6. exd5 exd5 7. Qe2+ Be7 8. g4
Bg6 9. h4 h6 10. Ne5 Bh7 11. g5 Nd7 12. Bf4 Nxe5 13. Qxe5 Kf8 14. O-O-O f6 15.
Qe3 fxg5 16. Be5 gxh4 17. Bd3 Bxd3 18. Qxd3 Bf6 19. Rdg1 Qe7 20. f4 h5 21. Nd1
Nh6 22. Ne3 Ng4 23. Nxg4 hxg4 24. Rxg4 Rh6 25. Rhg1 h3 26. Rh1 Kf7 27. Rxh3 Rah8
28. Rhg3 Rh1+ 29. Rg1 R8h6 30. Qf5 Rxg1+ 31. Rxg1 a5 32. a3 Qd8 33. Kb1 b5 34.
Rg3 a4 35. Qg4 Kf8 36. Bxf6 Qxf6 37. Qc8+ Kf7 38. Re3 Qd6 39. f5 Qf8 40. Qd7+
Kf6 41. Qe6+ Kg5 42. Rg3+ Kh4 43. Qe1 Qxf5 44. Rg2+ Kh3 45. Qh1# 1-0

[Event "Portugal Open 2018"]
[Site "Lisboa POR"]
[Date "2018.02.06"]
[Round "6.33"]
[White "Leão, Tiago"]
[Black "Fernandes, António"]
[Result "0-1"]
[WhiteElo "2099"]
[BlackElo "2443"]
[WhiteFideId "1925563"]
[BlackFideId "1900021"]
[BlackTitle "GM"]
[WhiteCountry "POR"]
[BlackCountry "POR"]
[PlyCount "104"]
[EventDate "2018.??.??"]

1. e4 c5 2. Nf3 Nf6 3. Nc3 d5 4. exd5 Nxd5 5. Bb5+ Bd7 6. Bxd7+ Qxd7 7. O-O Nc6
8. d4 cxd4 9. Nxd4 Nxc3 10. bxc3 e6 11. Qf3 Rc8 12. Rd1 Nxd4 13. Rxd4 Qc6 14.
Qxc6+ Rxc6 15. Bf4 Bc5 16. Rd3 Bb6 17. Rad1 O-O 18. h3 h6 19. Be5 Bc7 20. Bxc7
Rxc7 21. Rb1 Rfc8 22. Rb3 Kf8 23. Kf1 Ke7 24. Ke2 Rd8 25. Kd2 Rd6 26. Ra3 a6 27.
Rb3 Rdc6 28. Rb4 Rc4 29. Rg3 g5 30. Rd3 h5 31. Rb6 Ra4 32. Rb2 b5 33. Rd4 Rd7
34. Ke3 Ra3 35. Kd2 e5 36. Rxd7+ Kxd7 37. c4 bxc4 38. Rb7+ Ke6 39. Rc7 Rxa2 40.
Rxc4 h4 41. Rc6+ Kf5 42. Rc7 f6 43. Rc6 a5 44. Ra6 a4 45. Kd3 Ra1 46. c4 a3 47.
c5 a2 48. Ke2 e4 49. c6 Ke6 50. c7+ Kd7 51. Ra7 Kc8 52. Ra3 f5 0-1

[Event "Portugal Open 2018"]
[Site "Lisboa POR"]
[Date "2018.02.06"]
[Round "6.34"]
[White "Rupérez Benito, Antonio"]
[Black "Neto, Horácio"]
[Result "1-0"]
[WhiteElo "2348"]
[BlackElo "2139"]
[WhiteFideId "22245049"]
[BlackFideId "1900315"]
[WhiteTitle "FM"]
[WhiteCountry "ESP"]
[BlackCountry "POR"]
[PlyCount "55"]
[EventDate "2018.??.??"]

1. e4 c5 2. Nf3 Nc6 3. Bb5 g6 4. O-O Bg7 5. c3 Nf6 6. Qa4 O-O 7. d4 cxd4 8. cxd4
a6 9. d5 Na5 10. Bd3 b5 11. Qb4 d6 12. a4 Bd7 13. axb5 axb5 14. Nc3 Nb7 15. Rxa8
Qxa8 16. Bxb5 Nc5 17. Bxd7 Nfxd7 18. Qc4 Nb6 19. Qe2 Nba4 20. Nxa4 Qxa4 21. e5
dxe5 22. Nxe5 Re8 23. Nc6 Bf6 24. b4 Nb7 25. Bf4 Kg7 26. Be5 Bxe5 27. Qxe5+ f6
28. Qc7 1-0

[Event "Portugal Open 2018"]
[Site "Lisboa POR"]
[Date "2018.02.06"]
[Round "6.35"]
[White "Alshameary Puente, Ismael"]
[Black "Martins, Bruno"]
[Result "1-0"]
[WhiteElo "2339"]
[BlackElo "2137"]
[WhiteFideId "2225166"]
[BlackFideId "1942255"]
[WhiteTitle "FM"]
[WhiteCountry "ESP"]
[BlackCountry "POR"]
[PlyCount "89"]
[EventDate "2018.??.??"]

1. d4 Nf6 2. c4 g6 3. Nf3 Bg7 4. g3 O-O 5. Bg2 d6 6. O-O c6 7. Nc3 Nbd7 8. e4 e5
9. h3 Qa5 10. Re1 exd4 11. Nxd4 Ne5 12. Bf1 Re8 13. Kg2 a6 14. a4 c5 15. Nc2 Be6
16. Ne3 Nc6 17. Bd2 Qc7 18. Nc2 Nd4 19. Nxd4 cxd4 20. Nd5 Bxd5 21. exd5 Ne4 22.
Bc1 a5 23. Rb1 Nc5 24. b3 Qd7 25. Bf4 Ne4 26. Qc2 Nc3 27. Rbc1 Bf6 28. Bd3 Re7
29. h4 Rae8 30. Rxe7 Qxe7 31. h5 Bg5 32. Bd2 Bxd2 33. Qxd2 Ne4 34. Qc2 Nc5 35.
hxg6 hxg6 36. Rh1 Nxd3 37. Qxd3 Qe4+ 38. Qf3 f5 39. Rh4 Qc2 40. Rxd4 Re1 41. c5
Qxc5 42. Rc4 Qb6 43. Qc3 Re7 44. Rc8+ Kf7 45. Qh8 1-0

[Event "Portugal Open 2018"]
[Site "Lisboa POR"]
[Date "2018.02.06"]
[Round "6.36"]
[White "Colijn, Stefan"]
[Black "Costa, João Guerra"]
[Result "1-0"]
[WhiteElo "2311"]
[BlackElo "2130"]
[WhiteFideId "1016199"]
[BlackFideId "1901737"]
[WhiteTitle "FM"]
[WhiteCountry "NED"]
[BlackCountry "POR"]
[PlyCount "79"]
[EventDate "2018.??.??"]

1. d4 Nf6 2. c4 e6 3. Nf3 b6 4. Bg5 Bb4+ 5. Nbd2 Bb7 6. a3 Bxd2+ 7. Qxd2 h6 8.
Bxf6 Qxf6 9. d5 d6 10. e4 Nd7 11. Bd3 a5 12. O-O a4 13. Rae1 e5 14. Re3 Nf8 15.
Bc2 Bc8 16. Ne1 g5 17. f3 h5 18. Nd3 h4 19. Kf2 Ng6 20. Ke1 Nf4 21. Nb4 h3 22.
gxh3 Rxh3 23. Rf2 Bd7 24. Kd1 Ke7 25. Kc1 Qh6 26. Re1 Qh4 27. Kb1 Rh8 28. Rh1
Ra8 29. Na2 Qh5 30. Qe1 Rh8 31. Nc3 Qg6 32. Qd1 R8h4 33. Bxa4 Qh7 34. Bxd7 Kxd7
35. Qa4+ Ke7 36. Qc6 Kd8 37. Qa8+ Kd7 38. Nb5 f6 39. Qb8 Nd3 40. Rd2 1-0

[Event "Portugal Open 2018"]
[Site "Lisboa POR"]
[Date "2018.02.06"]
[Round "6.38"]
[White "Ding, Tze How Dilwen"]
[Black "Dantas, Carlos"]
[Result "1/2-1/2"]
[WhiteElo "2306"]
[BlackElo "2129"]
[WhiteFideId "5707641"]
[BlackFideId "1900757"]
[WhiteTitle "FM"]
[BlackTitle "NM"]
[WhiteCountry "MAS"]
[BlackCountry "POR"]
[PlyCount "72"]
[EventDate "2018.??.??"]

1. d4 Nf6 2. Nf3 e6 3. c4 b6 4. g3 Ba6 5. Qb3 Nc6 6. Nbd2 Bb7 7. e3 Be7 8. Bg2
O-O 9. O-O Na5 10. Qa4 c5 11. dxc5 bxc5 12. Ne5 Bxg2 13. Kxg2 d6 14. Nc6 Nxc6
15. Qxc6 Rb8 16. Rd1 Rb6 17. Qf3 Nd7 18. Qe2 d5 19. Rb1 Bf6 20. Nf3 Qa8 21. b3
Qb7 22. Ba3 Ra6 23. Bc1 dxc4 24. Qxc4 Ne5 25. Qf4 Rxa2 26. e4 Nxf3 27. Qxf3 c4
28. Bd2 cxb3 29. Rxb3 Qa6 30. Be3 Qc4 31. Rb7 a5 32. e5 Bxe5 33. Rxf7 Qc8 34.
Rxf8+ Qxf8 35. Qc6 Kh8 36. Qxe6 Qa8+ 1/2-1/2

[Event "Portugal Open 2018"]
[Site "Lisboa POR"]
[Date "2018.02.06"]
[Round "6.39"]
[White "Borsos, Bogdan"]
[Black "Cuevas Fernandez, José Alberto"]
[Result "1-0"]
[WhiteElo "2301"]
[BlackElo "2128"]
[WhiteFideId "14100568"]
[BlackFideId "2288150"]
[WhiteTitle "IM"]
[WhiteCountry "UKR"]
[BlackCountry "ESP"]
[PlyCount "101"]
[EventDate "2018.??.??"]

1. Nf3 d5 2. g3 g6 3. c4 c6 4. Bg2 Bg7 5. O-O Nh6 6. d3 O-O 7. Na3 Na6 8. Rb1
Re8 9. b4 Nc7 10. b5 Bd7 11. h3 dxc4 12. bxc6 Bxc6 13. Nxc4 b6 14. e4 f6 15. Re1
Nb5 16. Qb3 Nf7 17. a4 Nbd6 18. Nd4 Bd7 19. Nxd6 exd6 20. Ba3 Rc8 21. Nb5 Be6
22. Qd1 Qd7 23. Kh1 f5 24. d4 Bc4 25. exf5 a6 26. fxg6 axb5 27. gxf7+ Qxf7 28.
Bxd6 Rxe1+ 29. Qxe1 Bxd4 30. axb5 Re8 31. Qc1 Bxf2 32. Qg5+ Qg6 33. Bd5+ Bxd5+
34. Qxd5+ Qe6 35. Qxe6+ Rxe6 36. Kg2 Rxd6 37. Kxf2 Rd3 38. Rb4 Kg7 39. Rg4+ Kf6
40. Rc4 Rd6 41. Ke3 Ke5 42. h4 Rd5 43. Rc7 h5 44. Rh7 Kd6 45. Rh6+ Kc5 46. Ke4
Rd4+ 47. Ke3 Rd5 48. Ke4 Rd4+ 49. Kf5 Kxb5 50. Rxh5 Kb4 51. Rh8 1-0

[Event "Portugal Open 2018"]
[Site "Lisboa POR"]
[Date "2018.02.06"]
[Round "6.40"]
[White "Terbe, Julianna"]
[Black "Guerra, Vítor"]
[Result "0-1"]
[WhiteElo "2292"]
[BlackElo "2113"]
[WhiteFideId "708780"]
[BlackFideId "1901095"]
[WhiteTitle "WIM"]
[BlackTitle "NM"]
[WhiteCountry "HUN"]
[BlackCountry "POR"]
[PlyCount "88"]
[EventDate "2018.??.??"]

1. Nf3 e6 2. g3 d5 3. Bg2 b5 4. b3 Nf6 5. c4 bxc4 6. bxc4 c6 7. O-O Be7 8. Nc3
O-O 9. d4 a5 10. Ne5 Nfd7 11. Nxd7 Nxd7 12. cxd5 cxd5 13. e4 Ba6 14. exd5 Bxf1
15. Qxf1 Rc8 16. dxe6 Rxc3 17. exd7 Qxd7 18. Bd2 Ra3 19. Bc1 Ra4 20. Be3 Bf6 21.
Qa6 Qe6 22. Qxe6 fxe6 23. Bc6 Rc4 24. Bd7 Kf7 25. Re1 Rd8 26. Bb5 Rb4 27. a4
Bxd4 28. Bxd4 Rbxd4 29. Kg2 Rc8 30. Re2 Rc5 31. h4 e5 32. Ra2 Ke6 33. Kf3 Rc3+
34. Ke2 Rc7 35. Rb2 Rb4 36. Rd2 Rb3 37. Rd8 Rb2+ 38. Kf1 e4 39. Re8+ Kd5 40.
Rd8+ Kc5 41. Re8 Rf7 42. Rxe4 Rfxf2+ 43. Ke1 Rh2 44. Be2 h5 0-1

[Event "Portugal Open 2018"]
[Site "Lisboa POR"]
[Date "2018.02.06"]
[Round "6.41"]
[White "Silva, David"]
[Black "Gavrish, Leonid"]
[Result "1-0"]
[WhiteElo "2283"]
[BlackElo "2110"]
[WhiteFideId "10101314"]
[BlackFideId "14110040"]
[WhiteTitle "IM"]
[WhiteCountry "ANG"]
[BlackCountry "UKR"]
[PlyCount "85"]
[EventDate "2018.??.??"]

1. e4 c5 2. Nf3 e6 3. g3 d5 4. exd5 exd5 5. d4 c4 6. Bg2 Bd6 7. O-O Ne7 8. Nc3
Nbc6 9. b3 cxb3 10. axb3 O-O 11. Nb5 Bb8 12. c4 a6 13. Re1 Bf5 14. Nc3 Re8 15.
Nxd5 Nxd5 16. cxd5 Nb4 17. Rxe8+ Qxe8 18. Nh4 Bd7 19. Ba3 Bd6 20. Nf3 Bg4 21.
Qd2 Bxf3 22. Bxf3 a5 23. Kg2 Qb5 24. Qc3 Re8 25. Bc1 b6 26. Bd2 Qd7 27. Rc1 Rd8
28. Qc4 b5 29. Qf1 g6 30. Bxb4 Bxb4 31. Rc6 Rb8 32. Qd1 Kg7 33. Qa1 Re8 34. Qc1
Bd6 35. Rb6 Rc8 36. Rxd6 Qxd6 37. Qxc8 a4 38. bxa4 bxa4 39. Qc5 Qa6 40. d6 a3
41. d7 a2 42. d8=Q a1=Q 43. Qcf8# 1-0

[Event "Portugal Open 2018"]
[Site "Lisboa POR"]
[Date "2018.02.06"]
[Round "6.42"]
[White "Martins, André"]
[Black "Balbuena Fuentes, Mario"]
[Result "1/2-1/2"]
[WhiteElo "2068"]
[BlackElo "2282"]
[WhiteFideId "1924281"]
[BlackFideId "32017880"]
[BlackTitle "FM"]
[WhiteCountry "POR"]
[BlackCountry "ESP"]
[PlyCount "140"]
[EventDate "2018.??.??"]

1. Nf3 b6 2. g3 Bb7 3. Bg2 c5 4. O-O Nf6 5. d3 g6 6. e4 d6 7. Nc3 Bg7 8. Bg5 h6
9. Be3 O-O 10. h3 Nc6 11. Qd2 Kh7 12. Nh2 e6 13. Ng4 Nxg4 14. hxg4 Ne7 15. d4 d5
16. exd5 Nxd5 17. Nxd5 Bxd5 18. dxc5 Bxg2 19. Qxd8 Rfxd8 20. Kxg2 Bxb2 21. Rab1
Bd4 22. Bxd4 Rxd4 23. cxb6 axb6 24. Rxb6 Rxa2 25. Rc6 Rxg4 26. Rc7 Kg7 27. f4 h5
28. Kh3 Ra5 29. Rf3 Rf5 30. Re3 Kf6 31. c4 g5 32. fxg5+ Rgxg5 33. Rb7 Kg6 34.
Rb8 Kg7 35. Rb7 Kg6 36. Rb8 Rc5 37. Re4 Rgf5 38. Kg2 Ra5 39. Re2 Rfc5 40. Rb4
Ra3 41. Rf2 Re5 42. Rb7 f5 43. Kh2 Ree3 44. Rb8 Kg7 45. Re8 Rac3 46. Re7+ Kf6
47. Rh7 Kg6 48. Rh8 Rxc4 49. Ra2 Rc7 50. Raa8 Rg7 51. Kg2 Kf6 52. Rh6+ Ke5 53.
Ra5+ Kd4 54. Ra4+ Kc5 55. Kf2 Rgxg3 56. Rxe6 Ref3+ 57. Ke2 Kd5 58. Re8 Kd6 59.
Rb4 Ra3 60. Rd4+ Kc5 61. Rf4 Ra2+ 62. Kf1 Rh3 63. Rxf5+ Kd4 64. Rf2 Ra1+ 65. Kg2
Rhh1 66. Rd2+ Kc3 67. Rd7 Rag1+ 68. Kf2 Rf1+ 69. Kg2 Rhg1+ 70. Kh2 Rh1+ 1/2-1/2

[Event "Portugal Open 2018"]
[Site "Lisboa POR"]
[Date "2018.02.06"]
[Round "6.43"]
[White "Ölçüm, Ahmet"]
[Black "Mendes, Modeste"]
[Result "1-0"]
[WhiteElo "2267"]
[BlackElo "2039"]
[WhiteFideId "6311393"]
[BlackFideId "1925920"]
[WhiteTitle "CM"]
[WhiteCountry "TUR"]
[BlackCountry "POR"]
[PlyCount "55"]
[EventDate "2018.??.??"]

1. d4 Nf6 2. Nf3 d5 3. Bf4 Bf5 4. e3 Nbd7 5. c4 c6 6. Nc3 dxc4 7. Bxc4 e6 8. O-O
Nd5 9. Bg3 N7b6 10. Bd3 Nb4 11. e4 Nxd3 12. exf5 Nxb2 13. Qe2 N2c4 14. fxe6 f6
15. Nh4 g6 16. Nf5 Be7 17. d5 cxd5 18. Nxe7 Kxe7 19. Rad1 Rc8 20. Qf3 Kxe6 21.
Rfe1+ Kf7 22. Nxd5 Nxd5 23. Rxd5 Re8 24. Red1 Qe7 25. Rd7 Qxd7 26. Rxd7+ Kg8 27.
h4 Rc6 28. Qd5+ 1-0

[Event "Portugal Open 2018"]
[Site "Lisboa POR"]
[Date "2018.02.06"]
[Round "6.44"]
[White "Dumont, André"]
[Black "Ferrante, Marco"]
[Result "1/2-1/2"]
[WhiteElo "2019"]
[BlackElo "2267"]
[WhiteFideId "201910"]
[BlackFideId "816035"]
[WhiteCountry "BEL"]
[BlackCountry "ITA"]
[PlyCount "53"]
[EventDate "2018.??.??"]

1. Nf3 d5 2. e3 Nf6 3. b3 Bf5 4. Bb2 h6 5. Be2 e6 6. O-O c5 7. d4 cxd4 8. exd4
Nc6 9. a3 Rc8 10. Nbd2 Be7 11. c4 dxc4 12. bxc4 O-O 13. Rc1 Qa5 14. d5 exd5 15.
Nb3 Qb6 16. cxd5 Rcd8 17. Nfd4 Rxd5 18. Bc4 Rd7 19. Nxc6 bxc6 20. Qf3 Bg6 21.
Bxf6 Bxf6 22. Qg4 Rd5 23. Bxd5 cxd5 24. Nc5 Rd8 25. Nd7 Qd6 26. Nxf6+ Qxf6 27.
Qf3 1/2-1/2

[Event "Portugal Open 2018"]
[Site "Lisboa POR"]
[Date "2018.02.06"]
[Round "6.45"]
[White "Yuksel, Atilla Koksal"]
[Black "Pereira, Fernando Melão"]
[Result "1-0"]
[WhiteElo "2248"]
[BlackElo "2043"]
[WhiteFideId "6306667"]
[BlackFideId "1900153"]
[BlackTitle "NM"]
[BlackCountry "POR"]
[PlyCount "79"]
[EventDate "2018.??.??"]

1. e4 c5 2. Nc3 Nc6 3. f4 g6 4. Nf3 Bg7 5. Bc4 e6 6. O-O Nge7 7. d3 O-O 8. Qe1
Nd4 9. Nxd4 cxd4 10. Ne2 d5 11. Bb3 dxe4 12. dxe4 b6 13. Bc4 Bb7 14. Ng3 Qc8 15.
Bb3 Ba6 16. Rf2 Bc4 17. Qb4 Bxb3 18. Qxb3 d3 19. c3 Qc5 20. Nf1 Qc6 21. Qa3 Rfe8
22. Ng3 f5 23. Bd2 Qd7 24. Rd1 Rad8 25. Rf3 Nc6 26. Be1 fxe4 27. Nxe4 Qd5 28.
Nf2 Qf5 29. Qa4 b5 30. Qe4 Qc5 31. Rfxd3 Rxd3 32. Rxd3 e5 33. Bd2 Qb6 34. Rd6
Rc8 35. Qd5+ Kh8 36. Qe6 Qc7 37. Rd7 Qb8 38. f5 Rd8 39. Qxc6 Rxd7 40. Qxd7 1-0

[Event "Portugal Open 2018"]
[Site "Lisboa POR"]
[Date "2018.02.06"]
[Round "6.46"]
[White "Newton, Andrew"]
[Black "Corbalan Gomez, Juan Jose"]
[Result "1/2-1/2"]
[WhiteElo "1899"]
[BlackElo "2245"]
[WhiteFideId "2403285"]
[BlackFideId "2260492"]
[WhiteCountry "SCO"]
[PlyCount "54"]
[EventDate "2018.??.??"]

1. e4 c5 2. Nf3 g6 3. d4 cxd4 4. Nxd4 Nf6 5. Nc3 d6 6. f3 Bg7 7. Be3 Nc6 8. Qd2
O-O 9. Bc4 Bd7 10. O-O-O Rc8 11. Bb3 Nxd4 12. Bxd4 b5 13. h4 a5 14. h5 a4 15.
Bxf6 exf6 16. Bd5 b4 17. hxg6 hxg6 18. Ne2 f5 19. Nd4 Qf6 20. Qxb4 Rb8 21. Qd2
Rb6 22. b3 Be6 23. Qa5 Rfb8 24. Nc6 Rb5 25. Qc7 Qb2+ 26. Kd2 Qc3+ 27. Ke2 fxe4
1/2-1/2

[Event "Portugal Open 2018"]
[Site "Lisboa POR"]
[Date "2018.02.06"]
[Round "6.47"]
[White "Neves, Pedro"]
[Black "Fernandes, Miguel"]
[Result "0-1"]
[WhiteElo "2242"]
[BlackElo "2036"]
[WhiteFideId "1905554"]
[BlackFideId "1920456"]
[WhiteTitle "NM"]
[WhiteCountry "POR"]
[BlackCountry "POR"]
[PlyCount "68"]
[EventDate "2018.??.??"]

1. e3 d5 2. c4 c6 3. Nc3 Nf6 4. Nf3 e6 5. d4 Nbd7 6. Qc2 Bd6 7. Bd3 O-O 8. cxd5
exd5 9. O-O Re8 10. Re1 Nf8 11. h3 Be6 12. Ne5 c5 13. f4 a6 14. Qf2 b5 15. a3
Bc8 16. b3 Bb7 17. Bb2 Qb6 18. dxc5 Bxc5 19. Rad1 d4 20. exd4 Bxd4 21. Bxh7+
N8xh7 22. Qxd4 Qc7 23. Qd6 Qxd6 24. Rxd6 Nh5 25. Rd4 Nf8 26. f5 Ng3 27. Rf4 Rad8
28. Rf2 Nd7 29. Kh2 Nxe5 30. Rxe5 Rxe5 31. Kxg3 Re3+ 32. Kh4 Rd4+ 33. Kh5 Rg3
34. Ne2 g6+ 0-1

[Event "Portugal Open 2018"]
[Site "Lisboa POR"]
[Date "2018.02.06"]
[Round "6.48"]
[White "Weinzettl, Ernst"]
[Black "Lopez De Turiso, José Angel"]
[Result "0-1"]
[WhiteElo "2238"]
[BlackElo "2019"]
[WhiteFideId "1600575"]
[BlackFideId "2207680"]
[WhiteTitle "IM"]
[WhiteCountry "AUT"]
[BlackCountry "ESP"]
[PlyCount "96"]
[EventDate "2018.??.??"]

1. d4 f5 2. Bf4 Nf6 3. e3 e6 4. h3 b6 5. Nf3 Bb7 6. Nbd2 Be7 7. c3 Ne4 8. Nxe4
Bxe4 9. Nd2 Bb7 10. Bd3 O-O 11. Rg1 Kh8 12. g4 d6 13. gxf5 exf5 14. Qc2 Qd7 15.
O-O-O a5 16. Bg5 Nc6 17. e4 Ba6 18. Bxa6 Rxa6 19. Bxe7 Nxe7 20. Rde1 Raa8 21.
Nf3 fxe4 22. Qxe4 Ng6 23. Ng5 Rae8 24. Qc2 Rxe1+ 25. Rxe1 Qf5 26. Qxf5 Rxf5 27.
Re8+ Rf8 28. Re2 Nf4 29. Re3 h6 30. Ne4 g5 31. Kd2 d5 32. Ng3 Nxh3 33. Re7 Rxf2+
34. Kd3 g4 35. Nh5 Rf5 36. Ng7 Rf3+ 37. Ke2 Kg8 38. Nh5 Rf7 39. Re6 Nf4+ 40.
Nxf4 Rxf4 41. Rxh6 Kg7 42. Rh4 Kg6 43. Ke3 Kg5 44. Rh7 Rf3+ 45. Ke2 c6 46. a4
Rf6 47. b4 g3 48. Rg7+ Kh4 0-1

[Event "Portugal Open 2018"]
[Site "Lisboa POR"]
[Date "2018.02.06"]
[Round "6.49"]
[White "Santos, António P"]
[Black "Pelaez Murias, Eduardo"]
[Result "1-0"]
[WhiteElo "2228"]
[BlackElo "1961"]
[WhiteFideId "1900161"]
[BlackFideId "22279709"]
[WhiteTitle "FM"]
[WhiteCountry "POR"]
[BlackCountry "ESP"]
[PlyCount "51"]
[EventDate "2018.??.??"]

1. d4 Nf6 2. c4 g6 3. Nc3 Bg7 4. e4 d6 5. Be2 O-O 6. Bg5 Na6 7. Qd2 e5 8. Nf3
Qe8 9. d5 Nd7 10. g4 Ndc5 11. Rg1 c6 12. Nh4 cxd5 13. cxd5 Bd7 14. Nf5 Bxf5 15.
gxf5 Nc7 16. h4 Na4 17. h5 Nxc3 18. Qxc3 Nb5 19. Qd3 Nd4 20. f6 Bh8 21. Bg4 Qd8
22. hxg6 hxg6 23. Rh1 Bxf6 24. Qh3 Qa5+ 25. Kf1 Qb5+ 26. Kg2 1-0

[Event "Portugal Open 2018"]
[Site "Lisboa POR"]
[Date "2018.02.06"]
[Round "6.50"]
[White "Ranaldi, Lucas"]
[Black "Carpentier, Jannes"]
[Result "1-0"]
[WhiteElo "2213"]
[BlackElo "1933"]
[WhiteFideId "1519484"]
[BlackFideId "235059"]
[WhiteTitle "FM"]
[WhiteCountry "NOR"]
[BlackCountry "BEL"]
[PlyCount "43"]
[EventDate "2018.??.??"]

1. d4 b6 2. e4 Bb7 3. Nc3 e6 4. Nf3 Bb4 5. Bd3 Nf6 6. Nd2 Nc6 7. Ne2 d5 8. e5
Nd7 9. c3 Be7 10. O-O f5 11. exf6 Nxf6 12. Nf3 Bd6 13. Re1 Qd7 14. Nf4 O-O 15.
Nxe6 Ne4 16. Nxf8 Rxf8 17. Ng5 Qf5 18. f3 Bc8 19. Be3 h6 20. fxe4 dxe4 21. Bxe4
Qb5 22. Qb3+ 1-0

[Event "Portugal Open 2018"]
[Site "Lisboa POR"]
[Date "2018.02.06"]
[Round "6.51"]
[White "Romano, João"]
[Black "Fernández Lledo, Javier"]
[Result "1-0"]
[WhiteElo "1961"]
[BlackElo "2207"]
[WhiteFideId "1938541"]
[BlackFideId "22201432"]
[WhiteCountry "POR"]
[BlackCountry "ESP"]
[PlyCount "63"]
[EventDate "2018.??.??"]

1. d4 Nf6 2. g3 h5 3. Bg2 h4 4. e4 d6 5. Nc3 Nc6 6. Nge2 Bg4 7. Rg1 e5 8. f3
hxg3 9. hxg3 Bh3 10. Be3 exd4 11. Nxd4 Ne5 12. Qe2 c5 13. Nb3 a6 14. O-O-O c4
15. Nd4 Bxg2 16. Rxg2 Qa5 17. f4 Neg4 18. Bg1 g6 19. Qxc4 Bg7 20. e5 d5 21. Qe2
Ne4 22. Nxe4 dxe4 23. Qxg4 Qxa2 24. c3 Rh1 25. Nc2 Qa4 26. e6 e3 27. exf7+ Ke7
28. Qxg6 Bf6 29. Re2 Bd4 30. Qe4+ Kf8 31. Qxh1 Qc4 32. Nxd4 1-0

[Event "Portugal Open 2018"]
[Site "Lisboa POR"]
[Date "2018.02.06"]
[Round "6.52"]
[White "Fidalgo, André"]
[Black "Santos, Júlio"]
[Result "1-0"]
[WhiteElo "2205"]
[BlackElo "1870"]
[WhiteFideId "1933620"]
[BlackFideId "1900650"]
[WhiteTitle "NM"]
[BlackTitle "NM"]
[WhiteCountry "POR"]
[BlackCountry "POR"]
[PlyCount "67"]
[EventDate "2018.??.??"]

1. d4 d5 2. c4 e6 3. Nf3 Nf6 4. g3 Nc6 5. Bg2 Be7 6. O-O O-O 7. Nc3 Re8 8. Ne5
Nb8 9. e4 dxc4 10. Be3 b6 11. Nxf7 Kxf7 12. e5 c6 13. exf6 Bxf6 14. Qh5+ Ke7 15.
Qxh7 Rh8 16. Qg6 Qe8 17. Qxe8+ Kxe8 18. Ne4 Ke7 19. Rfc1 Ba6 20. Bf1 b5 21. a4
Nd7 22. axb5 Bxb5 23. Bxc4 Bxc4 24. Rxc4 Rhc8 25. Rac1 Nb8 26. g4 Kd7 27. Nc5+
Kd6 28. g5 Be7 29. f3 a5 30. Bf4+ Kd5 31. Na4 Nd7 32. b3 Bb4 33. Rd1 Rf8 34.
Rc5+ 1-0

[Event "Portugal Open 2018"]
[Site "Lisboa POR"]
[Date "2018.02.06"]
[Round "6.53"]
[White "Sahin, Özgün"]
[Black "Skalli, Taoufik"]
[Result "1-0"]
[WhiteElo "2195"]
[BlackElo "1858"]
[WhiteFideId "6328121"]
[BlackFideId "9004980"]
[WhiteCountry "TUR"]
[BlackCountry "MAR"]
[PlyCount "73"]
[EventDate "2018.??.??"]

1. e4 c5 2. d4 cxd4 3. c3 g6 4. cxd4 d5 5. e5 Bg7 6. Nf3 Bg4 7. h3 Bxf3 8. Qxf3
e6 9. Qb3 Qc7 10. Nc3 a6 11. Qa4+ Nc6 12. Nb5 Qb6 13. Nd6+ Kf8 14. Be3 Bh6 15.
Be2 Bxe3 16. fxe3 Nh6 17. O-O Kg7 18. Bg4 Rhf8 19. Qd1 Nxe5 20. dxe5 Qxe3+ 21.
Rf2 Qxe5 22. Nxb7 Qc7 23. Qd4+ Kg8 24. Nc5 Nxg4 25. hxg4 Rfc8 26. b4 a5 27. Raf1
Rf8 28. b5 Rac8 29. Nd3 Qb7 30. Ne5 f6 31. Rxf6 Rxf6 32. Rxf6 Rc1+ 33. Kh2 Qxb5
34. Qf4 Qb1 35. Rf8+ Kg7 36. Qf6+ Kh6 37. Nf7# 1-0